| 000 | 00639nam a2200229Ia 4500 | ||
|---|---|---|---|
| 008 | 180523s9999 xx 000 0 und d | ||
| 020 | _a0-7506-6377-4 | ||
| 050 | _aMAIN G 155.A1 | ||
| 050 | _b.T68 2006 | ||
| 245 | 0 | _aTourism business frontiers : | |
| 245 | 0 | _bconsumers, products and industry / | |
| 245 | 0 | _cedited by Dimitrios Buhalis and Carlos Costa. | |
| 260 | _aNew York : | ||
| 260 | _bElsevier, | ||
| 260 | _c2006 | ||
| 300 | _a272 pages : | ||
| 300 | _billustrations ; | ||
| 300 | _c24 cm. | ||
| 500 | _aIncludes bibliographical references and index. | ||
| 650 | _aTourism. | ||
| 650 | _xTourism -- Forecasting. | ||
| 999 |
_c356654 _d356654 |
||